000 01079nam a2200301 a 4500
001
003 DO-SdBNP
005 20211124120404.0
008 180529s2016 dr r 000 0 spa d
020 _a9789945590463
040 _aDO-SdBNP
_bspa
_cBPMSU
082 _a342.729306
_bR621ma 2016
_222
100 1 _aRivero Ortega, Ricardo
245 1 0 _aManual de derecho administrativo /
_cRicardo Rivero Ortega, Francisco Ortega Polanco.
260 _aSanto Domingo :
_bFUNGLODE,
_c2016.
300 _a354 p. ;
_c23 cm.
490 0 _aManuales IGlobal
500 _aIncluye datos biográficos de los autores en la solapa de la cubierta
590 _aInventariado, 2021/VM
650 4 _aDerecho administrativo
_zRepública Dominicana
_vManuales
651 4 _aRepública Dominicana
_xAdministración Pública
700 1 _aNuñez Polanco, Diomedes,
_b1952-
700 z _aPolanco, Diómedes Núñez,
710 2 _aFundación Global Democracia y Desarrollo (República Dominicana)
730 0 _aRepública Dominicana. Leyes, etc.
910 _aVMateo V.
942 _2ddc
_cBK
999 _c13898
_d13898